[Event "17th TCh-Eur"]
[Site "Novi Sad SRB"]
[Date "2009.10.30"]
[Round "9"]
[White "Stevenson,J"]
[Black "Roganovic,Milo"]
[Result "0-1"]
[WhiteElo "2089"]
[BlackElo "2474"]

1.e4 c5 2.Nf3 Nc6 3.Bb5 g6 4.Bxc6 dxc6 5.h3 Bg7 6.d3 b6 7.Nbd2 Nh6 8.O-O f6
9.a4 a5 10.Qe2 e5 11.Nc4 O-O 12.Nh2 Nf7 13.f4 f5 14.exf5 Bxf5 15.fxe5 Nxe5
16.Nxe5 Qd4+ 17.Kh1 Qxe5 18.Qxe5 Bxe5 19.Bf4 Bg7 20.Rae1 c4 21.g4 Bd7 22.Re7 cxd3
23.Rxd7 dxc2 24.Bc1 Rxf1+ 25.Nxf1 Re8 26.Ne3 Bxb2 27.Bxb2 Rxe3 28.Rg7+ Kf8
29.Rb7 Rb3 30.Bg7+ Kg8  0-1

[Event "8th TCh-Eur w"]
[Site "Novi Sad SRB"]
[Date "2009.10.30"]
[Round "9"]
[White "Rudolf,An"]
[Black "Voiska,M"]
[Result "1-0"]
[WhiteElo "2286"]
[BlackElo "2335"]

1.e4 c5 2.Nf3 Nc6 3.Bb5 Nf6 4.Nc3 g6 5.O-O Bg7 6.Re1 O-O 7.e5 Ne8 8.Bxc6 dxc6
9.d3 Nc7 10.Be3 Ne6 11.Ne4 b6 12.Qd2 f5 13.exf6 exf6 14.Bh6 Nd4 15.Nxd4 cxd4
16.Bxg7 Kxg7 17.Qf4 a5 18.Nd6 c5 19.Re2 g5 20.Qg3 Bg4 21.f3 Bh5 22.Re7+ Kh8
23.Rae1 Bg6 24.h4 gxh4 25.Qf4 b5 26.Qh6  1-0

[Event "TCh-NED 2009-10"]
[Site "Netherlands NED"]
[Date "2009.10.31"]
[Round "2"]
[White "Jens,J"]
[Black "Rijkschroeff,B"]
[Result "1-0"]
[WhiteElo "2366"]
[BlackElo "2140"]

1.e4 c5 2.Nf3 Nc6 3.Bb5 g6 4.Bxc6 dxc6 5.d3 Bg7 6.h3 Nf6 7.Nc3 O-O 8.Be3 b6
9.Qd2 Re8 10.O-O-O e5 11.Bh6 Bh8 12.g4 b5 13.Qe3 Qe7 14.Nh4 b4 15.Na4 c4
16.Nf5 Bxf5 17.gxf5 c3 18.bxc3 bxc3 19.Qc5 Qb7 20.Qxc3 Qa6 21.Nc5 Qxa2 22.Kd2 Reb8
23.Ra1 Qb2 24.Qxb2 Rxb2 25.Nb3 Bg7 26.Bxg7 Kxg7 27.fxg6 hxg6 28.Kc3 Rxb3+
29.Kxb3 Rb8+ 30.Kc4 Rb2 31.Kc3 Rb7 32.Ra6 Nh5 33.Rxc6 Nf4 34.Kd2 Ne6 35.Ra1 Nd4
36.Rca6 Rc7 37.R1a2 Nf3+ 38.Kd1 Ng1 39.Rxa7 Rxa7 40.Rxa7 Nxh3  1-0

[Event "13th OIBM"]
[Site "Bad Wiessee GER"]
[Date "2009.11.02"]
[Round "3"]
[White "Boguslavskyy,O"]
[Black "Rosenkilde,A"]
[Result "1-0"]
[WhiteElo "2442"]
[BlackElo "2180"]

1.e4 c5 2.Nf3 Nc6 3.Bb5 e6 4.O-O Nge7 5.b3 a6 6.Bxc6 Nxc6 7.Bb2 f6 8.Nh4 g6
9.f4 Bg7 10.f5 gxf5 11.Qh5+ Ke7 12.exf5 e5 13.c3 d6 14.d4 b6 15.Nd2 Bb7 16.Rad1 Qc7
17.Nc4 Rad8 18.Ba3 Na7 19.Bc1 Nc6 20.Be3 Ba8 21.dxc5 dxc5 22.b4 Nd4 23.cxd4 cxd4
24.Bh6 Bxh6 25.Qxh6 Qxc4 26.Rc1 Qg8 27.Rc7+ Kd6 28.Qxf6+ Kxc7 29.Rc1+ Kb8
30.b5 Qd5 31.Qxb6+ Qb7 32.Qc5 Rd5 33.Qa3 Rxb5 34.Qd6+ Ka7 35.Rc7 Rc8 36.Rxb7+ Bxb7
37.f6 Rc2 38.h3 Rb1+ 39.Kh2 Rbb2 40.Kg3 Bxg2 41.f7 h5 42.Nxg2 Rxg2+ 43.Kh4 Rbf2
44.f8=Q Rxf8 45.Qxf8 Re2 46.Kxh5 Re3 47.h4 Kb6 48.Kg4 Kb5 49.h5 d3 50.Qf1 Kb4
51.h6 d2 52.Qb1+ Kc3 53.h7 Re1 54.Qb3+ Kd4 55.h8=Q  1-0

[Event "Casino GM"]
[Site "Barcelona ESP"]
[Date "2009.11.02"]
[Round "1"]
[White "Magem Badals,J"]
[Black "Tregubov,P"]
[Result "1/2-1/2"]
[WhiteElo "2564"]
[BlackElo "2642"]

1.e4 c5 2.Nf3 Nc6 3.Bb5 Nf6 4.Bxc6 dxc6 5.d3 Bg4 6.h3 Bh5 7.Nbd2 e6 8.Nc4 Qc7
9.a4 Nd7 10.b3 Be7 11.Bb2 f6 12.Qe2 e5 13.Qe3 O-O-O 14.Nh4 Nf8 15.Nf5 Ne6
16.O-O Bf8 17.b4 cxb4 18.Qxa7 Bc5 19.Qa5 Bf7 20.Kh1 h5 21.Qxc7+ Kxc7 22.f4 exf4
23.e5 Nd4 24.Nxd4 Bxd4 25.Rxf4 Bxb2 26.Nxb2 Bd5 27.Rxb4 fxe5 28.Re1 Rhe8
29.Nd1 c5 30.Rb5 b6 31.a5 e4 32.Nc3 Bc6 33.axb6+ Kb7 34.Rxc5 exd3 35.Rxe8 Bxe8
36.cxd3 Rxd3 37.Nd5 Bc6 38.Nf4 Rg3 39.Rxh5 g5 40.Ne6 Bxg2+ 41.Kh2 Rxh3+ 42.Rxh3 Bxh3
43.Kxh3 Kxb6  1/2-1/2

[Event "13th OIBM"]
[Site "Bad Wiessee GER"]
[Date "2009.11.04"]
[Round "6"]
[White "Maurer,Joc"]
[Black "Proschmann,T"]
[Result "0-1"]
[WhiteElo "2212"]
[BlackElo "2106"]

1.e4 c5 2.Nf3 Nc6 3.Bb5 g6 4.Bxc6 dxc6 5.d3 Bg7 6.Nc3 Nf6 7.h3 O-O 8.Be3 b6
9.Qd2 e5 10.O-O-O Qd6 11.Bh6 Nh5 12.Bxg7 Kxg7 13.Ne2 Be6 14.Qc3 f6 15.g4 Nf4
16.Nxf4 exf4 17.d4 Rad8 18.g5 Qe7 19.dxc5 Rxd1+ 20.Rxd1 Qxc5 21.Qxc5 bxc5
22.Rd6 Bxh3 23.Rxc6 Bg2 24.gxf6+ Rxf6 25.Rc7+ Rf7 26.Rxf7+ Kxf7 27.Ng5+ Kg7
28.e5 Bd5 29.Nh3 g5 30.Nxg5 Kg6 31.Nh3 Kf5 32.b3 Kxe5 33.Kd2 Kf5 34.c4 Be4
35.Ng1 h5 36.a3 a5 37.f3 Bc6 38.Kc3 Ke5 39.b4 cxb4+ 40.axb4 axb4+ 41.Kxb4 Kd4
42.Nh3 Ke3 43.Ng5 h4 44.c5 Bd7 45.Nf7 h3 46.Ne5 Bc8 47.c6 h2  0-1

[Event "13th OIBM"]
[Site "Bad Wiessee GER"]
[Date "2009.11.04"]
[Round "6"]
[White "Kraai,J"]
[Black "Deglmann,L"]
[Result "1-0"]
[WhiteElo "2526"]
[BlackElo "2329"]

1.e4 c5 2.Nf3 Nc6 3.Bb5 g6 4.O-O Bg7 5.Re1 Nf6 6.e5 Nd5 7.Nc3 Nc7 8.d3 O-O
9.a4 Nxb5 10.axb5 Nd4 11.Bg5 Ne6 12.Bh4 d5 13.exd6 Qxd6 14.Bg3 Qd8 15.Be5 f6
16.Bg3 Rf7 17.Nd2 Nd4 18.Nc4 b6 19.Rb1 Bb7 20.b4 cxb4 21.Rxb4 Qd7 22.Nd6 Nxc2
23.Qxc2 exd6 24.Ne4 Re8 25.Rbb1 Rfe7 26.Re3 d5 27.Qa2 Kh8 28.Nd6 Rxe3 29.fxe3 Ra8
30.Rc1 Bf8 31.Nxb7 Rc8 32.Rxc8 Qxc8 33.Nd6 Qe6 34.Ne4 Bh6 35.Bf2 Qg4 36.Nc3 Qb4
37.Nxd5 Qc5 38.h3  1-0

[Event "13th OIBM"]
[Site "Bad Wiessee GER"]
[Date "2009.11.05"]
[Round "7"]
[White "Deglmann,L"]
[Black "Kick,J"]
[Result "1-0"]
[WhiteElo "2329"]
[BlackElo "2177"]

1.Nf3 c5 2.e4 Nc6 3.Bb5 g6 4.Bxc6 dxc6 5.d3 Bg7 6.h3 b6 7.Nc3 Nf6 8.Be3 O-O
9.Qd2 Ne8 10.Bh6 Nc7 11.h4 f6 12.Bxg7 Kxg7 13.h5 g5 14.h6+ Kh8 15.O-O-O e5
16.Ne2 Ne6 17.g3 g4 18.Nh4 Ng5 19.Rdf1 Nf3 20.Nxf3 gxf3 21.Nc3 Bg4 22.Nd1 Qd7
23.Ne3 Rad8 24.Qd1 Rg8 25.Rh4 b5 26.Nxg4 Rxg4 27.Qxf3 Rg6 28.Qe3 Qd4 29.Qxd4 cxd4
30.b3 Kg8 31.f4 Rxg3 32.fxe5 fxe5 33.Rh5 Re8 34.Rf6 Rg6 35.Rhf5 c5 36.Kb2 c4
37.bxc4 bxc4 38.dxc4 Rb8+ 39.Ka3 Rxf6 40.Rxf6 Rc8 41.Kb4 Rb8+ 42.Kc5  1-0

[Event "3rd Asian Indoor Team Rapid Prelim"]
[Site "Ha Long City VIE"]
[Date "2009.11.05"]
[Round "4"]
[White "Hou Yifan"]
[Black "Harika,D"]
[Result "1/2-1/2"]
[WhiteElo "2588"]
[BlackElo "2467"]

1.e4 c5 2.Nf3 Nc6 3.Bb5 Nf6 4.Nc3 g6 5.d3 Bg7 6.e5 Ng4 7.Bxc6 dxc6 8.Bf4 O-O
9.h3 Nh6 10.g4 f6 11.Qe2 Nxg4 12.O-O-O fxe5 13.Bg3 Qe8 14.Nd2 Nh6 15.Bxe5 Qf7
16.Bxg7 Qxg7 17.Kb1 Nf5 18.Rdg1 Nd4 19.Qe3 Bf5 20.h4 Rad8 21.Nce4 c4 22.Nxc4 Bxe4
23.dxe4 Rf3 24.Qe1 b5 25.Nd2 Qf6 26.Rg2 Rf4 27.h5 g5 28.h6 Kh8 29.Rhg1 Ne6
30.Qe3 c5 31.Nb3 Rf3 32.Qe1 c4 33.Nc1 a6 34.Qa5 Rd6 35.Qe1 Rd8 36.Qa5 Rd6
37.Qe1 Rd8 38.Qa5  1/2-1/2

[Event "Russia Cup"]
[Site "St Petersburg RUS"]
[Date "2009.11.05"]
[Round "2.1"]
[White "Zvjaginsev,V"]
[Black "Bocharov,D"]
[Result "1/2-1/2"]
[WhiteElo "2641"]
[BlackElo "2584"]

1.e4 c5 2.Nf3 Nc6 3.Bb5 e6 4.O-O Nge7 5.Nc3 a6 6.Bxc6 Nxc6 7.d4 cxd4 8.Nxd4 Qc7
9.Re1 Bd6 10.Nxc6 dxc6 11.f4 Bxf4 12.Bxf4 Qxf4 13.e5 O-O 14.Re4 Qg5 15.Qe2 f5
16.exf6 Qxf6 17.Rf1 Qxf1+ 18.Qxf1 Rxf1+ 19.Kxf1 Bd7 20.Na4 Rf8+ 21.Ke2 Kf7
22.Rb4 b5 23.Rf4+ Ke7 24.Rxf8 Kxf8 25.Nc5 Ke7 26.Nxa6  1/2-1/2

[Event "Russia Cup w"]
[Site "St Petersburg RUS"]
[Date "2009.11.05"]
[Round "2.1"]
[White "Stepovaia Dianchenko,T"]
[Black "Manakova,M"]
[Result "1-0"]
[WhiteElo "2384"]
[BlackElo "2344"]

1.e4 c5 2.Nf3 Nc6 3.Bb5 e6 4.Bxc6 bxc6 5.d3 Ne7 6.Qe2 Ng6 7.h4 Qc7 8.h5 Nf4
9.Qd2 e5 10.Qc3 Nxg2+ 11.Kf1 Nf4 12.Bxf4 exf4 13.h6 Rg8 14.e5 d5 15.exd6 Bxd6
16.Nbd2 Be6 17.hxg7 O-O-O 18.Re1 Qd7 19.Ne4 Bh3+ 20.Ke2 Bg2 21.Rh2 Bxf3+
22.Kxf3 Qf5 23.Nxd6+ Rxd6 24.Qe5 Qxe5 25.Rxe5 Rxg7 26.Rxc5 f6 27.Rh6 Kc7
28.Rch5 Rdd7 29.Rxf6 Kb7 30.Rxf4 Rg1 31.Rfh4 Rgg7 32.Ke3 Rde7+ 33.Re4 Ref7
34.Rb4+ Kc7 35.Rh6 Rg2 36.Rc4 Rfxf2 37.Rhxc6+ Kb8 38.a4 Re2+ 39.Kd4 a5 40.R6c5 Kb7
41.Rb5+ Ka6 42.Rc6+ Ka7 43.Rxa5+ Kb7 44.Rac5 Rg4+ 45.Kc3 Rxa4 46.Rc4 h5 47.Rc7+ Kb6
48.R4c6+ Kb5 49.Rh6 Rh4 50.Rb7+ Ka5 51.b4+  1-0

[Event "TCh-SLO East 1st League"]
[Site "Sentjur SLO"]
[Date "2009.11.06"]
[Round "6"]
[White "Supancic,R"]
[Black "Breznik,K"]
[Result "1-0"]
[WhiteElo "2210"]
[BlackElo "2178"]

1.e4 c5 2.Nf3 Nc6 3.Bb5 Nf6 4.Bxc6 dxc6 5.d3 g6 6.h3 Bg7 7.Nc3 O-O 8.Be3 b6
9.Qd2 Re8 10.Nh2 e5 11.Bg5 Qd6 12.g4 c4 13.O-O-O b5 14.Qe3 Qb4 15.Qf3 Nd7
16.Bd2 Qa5 17.dxc4 b4 18.Nb1 Qxa2 19.Bxb4 Rb8 20.Qa3 Qxc4 21.Bd6 Rb6 22.Qe3 Nf8
23.b3 Qa6 24.g5 c5 25.Bxc5 Rc6 26.Bb4 Ne6 27.Bc3 Nd4 28.Kb2 Nxc2 29.Kxc2 Qa2+
30.Kc1 Qxb3 31.Rd2 Bf8 32.Rc2 Ba6 33.Ng4 Rb8 34.Nd2 Ba3+ 35.Kd1 Qa4 36.Qf3 Rb7
37.Nf6+ Kf8 38.Nxh7+ Ke7 39.Nf6 Qb4  1-0

[Event "TCh-SLO East 1st League"]
[Site "Sentjur SLO"]
[Date "2009.11.07"]
[Round "8"]
[White "Zugaj,F"]
[Black "Mihevc,I"]
[Result "1-0"]
[WhiteElo "2198"]
[BlackElo "2207"]

1.e4 c5 2.Nf3 Nc6 3.Bb5 d6 4.O-O Bd7 5.Re1 Nf6 6.c3 a6 7.Bf1 Bg4 8.d3 e6
9.h3 Bh5 10.Bf4 Be7 11.Nbd2 Nd7 12.g4 Bg6 13.d4 b5 14.a4 Rb8 15.axb5 axb5
16.dxc5 Nxc5 17.b4 e5 18.bxc5 exf4 19.cxd6 Qxd6 20.Nb3 Qc7 21.Nbd4 Nxd4 22.cxd4 O-O
23.Qb3 Qb7 24.d5 Rfc8 25.Nd4 Bc5 26.Nc6 Qb6 27.Qf3 Ra8 28.Qxf4 b4 29.Rab1 Re8
30.Bc4 Ra3 31.Bb3 Qb5 32.Qf3 Qb6 33.Re2 Qa6 34.Rbe1 Ra1 35.Kg2 Rxe1 36.Rxe1 Qa3
37.e5 h5 38.gxh5 Bxh5 39.Qxh5 Qxb3 40.e6 g6 41.exf7+ Kxf7 42.Qh7+ Kf6 43.Qh4+  1-0

[Event "TCh-SLO East 1st League"]
[Site "Sentjur SLO"]
[Date "2009.11.07"]
[Round "8"]
[White "Supancic,R"]
[Black "Madl,I"]
[Result "0-1"]
[WhiteElo "2210"]
[BlackElo "2386"]

1.e4 c5 2.Nf3 Nc6 3.Bb5 d6 4.O-O Bd7 5.Re1 a6 6.Bf1 Nf6 7.h3 e5 8.d3 Be7
9.Nc3 O-O 10.a3 h6 11.Ne2 Be6 12.Ng3 b5 13.Bd2 Rb8 14.b3 Qd7 15.Bc3 Rfc8
16.Bb2 a5 17.a4 b4 18.Be2 Nd4 19.Nh2 d5 20.Bf3 dxe4 21.Bxe4 Nxe4 22.Rxe4 Bd6
23.Re1 f6 24.Ng4 Qf7 25.Ne3 Qg6 26.Qh5 Qxh5 27.Nxh5 Kf7 28.Ng3 Bf8 29.Bxd4 cxd4
30.Nc4 Bxc4 31.dxc4 Rb7 32.Kf1 g6 33.Rad1 Rd7 34.f4 exf4 35.Ne2 g5 36.Rxd4 Rxd4
37.Nxd4 Bc5 38.Nf5 h5 39.Rd1 Bf8 40.Rd3 Rc5 41.Nd4 f5 42.Ne2 h4 43.Rd8 Re5
44.Nc1 Re3 45.Rd5 Ke6 46.Ne2 Re5 47.Nd4+ Kf6 48.Rb5 g4 49.Nc6 Re3 50.Rxa5 f3
51.Nd4 fxg2+ 52.Kxg2 Rg3+ 53.Kf2 gxh3 54.Nxf5 Rg5 55.Rb5 Rxf5+ 56.Kg1 Bd6  0-1

[Event "Las Americas Open"]
[Site "Medellin COL"]
[Date "2009.11.15"]
[Round "7"]
[White "Uribe,M"]
[Black "Arango,A"]
[Result "1-0"]
[WhiteElo "2404"]
[BlackElo "2111"]

1.e4 c5 2.Nf3 Nc6 3.Bb5 g6 4.O-O Bg7 5.Nc3 Nd4 6.Bc4 e6 7.Nxd4 cxd4 8.Nb5 d6
9.c3 dxc3 10.dxc3 Ke7 11.Bf4 Be5 12.Be3 h6 13.Nd4 Qc7 14.Bb3 Nf6 15.f4 Bxd4
16.Bxd4 e5 17.fxe5 dxe5 18.Qf3 Qd6 19.Qxf6+ Qxf6 20.Bc5+  1-0

[Event "Las Americas Open"]
[Site "Medellin COL"]
[Date "2009.11.16"]
[Round "8"]
[White "Perez Rodriguez,L"]
[Black "Escobar Forero,A"]
[Result "1/2-1/2"]
[WhiteElo "2511"]
[BlackElo "2478"]

1.e4 c5 2.Nf3 Nc6 3.Bb5 d6 4.O-O Bd7 5.c3 Nf6 6.Re1 a6 7.Bxc6 Bxc6 8.d4 Bxe4
9.Bg5 Bd5 10.Nbd2 e6 11.c4 Bxf3 12.Qxf3 Be7 13.dxc5 dxc5 14.Qxb7 Qc8 15.Qf3 Rb8
16.b3 O-O 17.Ne4 Nxe4 18.Bxe7 Re8  1/2-1/2

[Event "World Blitz"]
[Site "Moscow RUS"]
[Date "2009.11.16"]
[Round "9"]
[White "Grischuk,A"]
[Black "Carlsen,M"]
[Result "0-1"]
[WhiteElo "2736"]
[BlackElo "2801"]

1.e4 c5 2.Nf3 Nc6 3.Bb5 e6 4.c3 d5 5.Qe2 Ne7 6.exd5 Nxd5 7.O-O Bd7 8.d4 cxd4
9.cxd4 Be7 10.Nc3 O-O 11.Bd3 Rc8 12.Bd2 Bf6 13.Qe4 g6 14.Rad1 Nce7 15.Ne5 Bc6
16.Qg4 Nf5 17.Rfe1 Nxc3 18.bxc3 Bg7 19.Bxf5 exf5 20.Nxc6 Rxc6 21.Qf3 Qd7
22.Bf4 Rfc8 23.Rd3 Ra6 24.h4 Rxa2 25.h5 Ra6 26.d5 Ra4 27.d6 Bf6 28.g3 Rac4
29.Be5 Re8 30.Qd5 Re4 31.Rxe4 fxe4 32.Bxf6 exd3 33.Qxd3 Re6 34.Be7 gxh5 35.Qd5 Rxe7
36.Qg5+ Kf8 37.dxe7+ Qxe7 38.Qxh5 Qe1+ 39.Kg2 Qxc3 40.Qxh7 Qc6+ 41.Kg1 Qd5
42.Qh8+ Ke7 43.Qh4+ Ke6 44.Qg4+ Kd6 45.Qb4+ Kc7 46.Qc3+ Kd7 47.Qa1 a5 48.Qa4+ Kd6
49.Qf4+ Kc6 50.Qc1+ Qc5 51.Qf4 Qd5 52.Qc1+ Kb5 53.Qb2+ Ka6 54.Qe2+ b5 55.Qe7 a4
56.Qb4 Kb6 57.Kh2 Qc5 58.Qf4 Qc4 59.Qd6+ Ka5 60.Kg1 Qc3 61.Qd8+ Kb4 62.Qf8+ Kb3
63.Qxf7+ Kb2 64.Qd7 Qb4 65.Qg7+ Ka2 66.g4 a3 67.g5 Qg4+ 68.Kh2 b4 69.g6 Qh4+
70.Kg2 Qg4+ 71.Kh2 Kb1 72.Qf7 a2 73.Qb3+ Ka1 74.Qf7 Kb2 75.Qf6+ Kb1  0-1

[Event "South Bohemia Open"]
[Site "Cesky Krumlov CZE"]
[Date "2009.11.17"]
[Round "4"]
[White "Suzuki,Y"]
[Black "Valtr,T"]
[Result "0-1"]
[WhiteElo "1867"]
[BlackElo "1927"]

1.e4 c5 2.Nf3 Nc6 3.Bb5 e6 4.Nc3 Nge7 5.O-O a6 6.Bxc6 Nxc6 7.d4 cxd4 8.Nxd4 Qf6
9.Be3 Be7 10.Kh1 b5 11.Nb3 O-O 12.f4 d6 13.Qe2 Rb8 14.Rae1 Bb7 15.Rf3 Rfe8
16.Bc1 Nd4 17.Nxd4 Qxd4 18.Rd3 Qb6 19.Rh3 Bf8 20.Qh5 h6 21.Rg3 Qf2 22.Qe2 Qxe2
23.Rxe2 Rbc8 24.e5 Rc4 25.Rd3 d5 26.b3 Rc6 27.Nb1 Rec8 28.c3 b4 29.Bb2 a5
30.Rc2 Ba6 31.Rg3 Bc5 32.a4 bxc3 33.Ba3 d4 34.Bxc5 Rxc5 35.Na3 d3  0-1

[Event "Vasylyshyn Mem"]
[Site "Lviv UKR"]
[Date "2009.11.25"]
[Round "1"]
[White "Bernadskiy,V"]
[Black "Vovk,Y"]
[Result "0-1"]
[WhiteElo "2358"]
[BlackElo "2546"]

1.e4 c5 2.Nf3 Nc6 3.Bb5 g6 4.O-O Bg7 5.c3 Nf6 6.Re1 O-O 7.h3 e5 8.Bxc6 bxc6
9.Nxe5 Re8 10.d4 cxd4 11.cxd4 d6 12.Nxc6 Qb6 13.d5 Nxe4 14.Qf3 Bf5 15.Na3 Qa6
16.g4 Nc5 17.Ne7+ Kf8 18.gxf5 Rxe7 19.Rxe7 Kxe7 20.Bg5+ f6 21.Be3 Nd7 22.fxg6 hxg6
23.Qg4 Ne5 24.Qe6+ Kf8 25.Bc5 Rd8 26.Bb4 Qb6 27.Nc2 Nd3 28.Qe3 Qxe3 29.fxe3 f5
30.Bc3 Bxc3 31.bxc3 Rc8 32.Rb1 Rxc3 33.Rb8+ Kf7 34.Nd4 Nc5 35.Nb5 Rc1+ 36.Kg2 Rc2+
37.Kg1 Ke7 38.Nxa7 Rxa2 39.Nc6+ Kf6 40.Rd8 Ne4 41.h4 Ra3 42.Re8 Rxe3 43.Re6+ Kg7
44.Ne7 Rg3+ 45.Kh2 Rg4 46.h5 Rh4+ 47.Kg2 Rxh5 48.Rxg6+ Kf7 49.Re6 Nc5 50.Re2 Kf6
51.Nc6 Ne4 52.Rb2 Kg5 53.Rb3 Kg4 54.Re3 Rg5 55.Rf3 f4 56.Rd3 Rf5 57.Ne7 f3+
58.Kg1 f2+ 59.Kf1 Rh5 60.Ke2 Rh1  0-1

[Event "Vasylyshyn Mem w"]
[Site "Lviv UKR"]
[Date "2009.11.28"]
[Round "4"]
[White "Kharmunova,N"]
[Black "Matseyko,K"]
[Result "1-0"]
[WhiteElo "2077"]
[BlackElo "2229"]

1.e4 c5 2.Nf3 Nc6 3.Bb5 g6 4.Bxc6 dxc6 5.d3 Bg7 6.h3 Nf6 7.Nc3 Nd7 8.Be3 e5
9.Qd2 h6 10.O-O Qe7 11.Nh2 Nf8 12.f4 exf4 13.Rxf4 Be6 14.Re1 Nd7 15.Ng4 O-O-O
16.e5 Bxg4 17.Rxg4 Nxe5 18.Ra4 b5 19.Rf4 f5 20.Qf2 Nd7 21.Bd4 Bxd4 22.Rxd4 Qxe1+
23.Qxe1 cxd4 24.Ne2 Rhe8 25.Qf2 c5 26.b4 Nf8 27.bxc5 Ne6 28.Nf4 Nxf4 29.Qxf4 Re6
30.Qxh6 Kc7 31.Qg7+ Rd7 32.Qg8 Rc6 33.Qa8 Rxc5 34.Qxa7+ Kd6 35.Qb6+ Kd5 36.Qxg6 Ke5
37.Qe8+ Kd6 38.Qf8+ Kc6 39.h4 Rxc2 40.Qxf5 Ra7 41.Qe6+ Kc7 42.Qe7+ Kb6 43.Qd6+ Ka5
44.Qxd4 Rac7 45.a3 Ra2 46.Qd8 Kb6 47.h5 Kc6 48.h6 Rxa3 49.Qe8+ Kb6 50.h7 Rxh7
51.Qg6+ Kc5 52.Qxh7 b4 53.Qc7+ Kb5 54.Qc4+ Ka5 55.Kf2 Rc3 56.Qd5+ Ka4 57.Ke3 Rc2
58.Qa8+ Kb3 59.g4 Rc1 60.g5 Rg1 61.Qd5+ Kb2 62.Kd2 Rg4 63.Qe5+ Kb1 64.Qe6 Rg2+
65.Ke3 Ka1 66.Qa6+ Kb2 67.g6 b3 68.g7 Kb1 69.Qc4  1-0

[Event "National Chess Congress"]
[Site "Philadelphia USA"]
[Date "2009.11.28"]
[Round "4"]
[White "Hess,Ro"]
[Black "Most,E"]
[Result "1-0"]
[WhiteElo "2560"]
[BlackElo "2126"]

1.e4 c5 2.Nf3 Nc6 3.Bb5 Qb6 4.Nc3 Nd4 5.a4 Nxb5 6.axb5 e6 7.Ne5 Qc7 8.Nc4 b6
9.d3 Ne7 10.Qf3 Ng6 11.h4 h5 12.e5 Bb7 13.Qg3 Bd5 14.Nxd5 exd5 15.Qf3 Qb7
16.Ne3 d6 17.Nxd5 O-O-O 18.O-O Kb8 19.c4 dxe5 20.Qe4 Bd6 21.Bg5 Rd7 22.Ra6 Kc8
23.Rfa1 Bb8 24.Qf5 Re8 25.b4 cxb4 26.Nxb4 Re6 27.c5  1-0

[Event "Vasylyshyn Mem"]
[Site "Lviv UKR"]
[Date "2009.11.30"]
[Round "6"]
[White "Grekh,A"]
[Black "Vovk,Y"]
[Result "1-0"]
[WhiteElo "2352"]
[BlackElo "2546"]

1.e4 c5 2.Nf3 Nc6 3.Bb5 g6 4.Bxc6 dxc6 5.d3 Bg7 6.Nc3 Bg4 7.h3 Bxf3 8.Qxf3 e5
9.Be3 Qe7 10.O-O-O Nf6 11.g4 Nd7 12.h4 Nf8 13.Bg5 Qd6 14.h5 Ne6 15.Be3 Qe7
16.Qg3 h6 17.hxg6 fxg6 18.Ne2 O-O-O 19.f4 exf4 20.Nxf4 Qd6 21.Ne2 Be5 22.Qg2 h5
23.Kb1 Kb8 24.c3 Qe7 25.d4 cxd4 26.cxd4 Bc7 27.Ka1 h4 28.d5 Ng5 29.Bxg5 Qxg5
30.Nd4 Qe3 31.Ne6 h3 32.Qf1 Rd7 33.Qf6 Rc8 34.Nxc7 Rdxc7 35.d6 Rd7 36.e5 Qg3
37.Rhg1 Qh2 38.a3 a6 39.Rge1 Qg3 40.Qe6 Rh7 41.Qxg6 Rd7 42.Qf5 Rcd8 43.Rg1 Qe3
44.Rh1 Qe2 45.e6 Rxd6 46.Rxd6  1-0

[Event "1st ACP Women World Rapid Cup"]
[Site "Konya TUR"]
[Date "2009.12.02"]
[Round "5"]
[White "Klinova,M"]
[Black "Javakhishvili,L"]
[Result "1/2-1/2"]
[WhiteElo "2305"]
[BlackElo "2482"]

1.e4 c5 2.Nf3 Nc6 3.Bb5 e6 4.Bxc6 bxc6 5.d3 Ne7 6.Qe2 Qc7 7.Nc3 Ng6 8.h4 Nf4
9.Bxf4 Qxf4 10.e5 f6 11.O-O Be7 12.g3 Qg4 13.Qe4 Qh5 14.b3 O-O 15.Rae1 Rb8
16.a3 c4 17.bxc4 Bxa3 18.Ne2 Be7 19.Nf4 Qh6 20.d4 Rb4 21.c5 Ba6 22.Rb1 Bxc5
23.Rxb4 Bxb4 24.Ra1 Bc4 25.Rxa7 g5 26.hxg5 fxg5 27.Nxg5 Qxg5 28.Rxd7 Be7
29.Qxc6 Rxf4 30.Qxc4 Kf7 31.Qd3 Rf5 32.d5 Ke8 33.dxe6 Rxe5 34.Rb7 Re1+ 35.Kg2 Rxe6
36.c4 h5 37.Rb8+ Kf7 38.Qh7+ Kf6 39.Qh8+ Kf7 40.Qe8+ Kf6 41.Qh8+ Kf7 42.Qe8+ Kf6
43.Qh8+ Kf7 44.Qe8+  1/2-1/2

[Event "1st ACP Women World Rapid Cup"]
[Site "Konya TUR"]
[Date "2009.12.02"]
[Round "5"]
[White "Menzi,N"]
[Black "Socko,M"]
[Result "0-1"]
[WhiteElo "1847"]
[BlackElo "2457"]

1.e4 c5 2.Nf3 Nc6 3.Bb5 e6 4.O-O Nge7 5.c3 a6 6.Be2 d5 7.exd5 Nxd5 8.d4 Nf6
9.dxc5 Qxd1 10.Rxd1 Bxc5 11.Nbd2 O-O 12.Nb3 Ba7 13.Bf4 Re8 14.Ne5 Nd5 15.Nxc6 bxc6
16.Bg3 e5 17.c4 Nb4 18.Bf3 Bf5 19.a3 e4 20.axb4 exf3 21.Nd4 Bxd4 22.Rxd4 a5
23.gxf3 axb4 24.Rxa8 Rxa8 25.Kg2 Be6 26.c5 b3 27.Rb4 h6 28.Rb8+ Rxb8 29.Bxb8 Kf8
30.Bd6+ Ke8 31.f4 Kd7 32.Kf3 Bd5+ 33.Ke3 Ke6 34.Kd4 Kf5 35.Be5 g6 36.Ke3 Kg4
37.Bd6 f5 38.Bf8 h5 39.Bh6 Kh3 40.Bg5 Kxh2 41.Bh4 Kh3 42.Bg5 Kg4 43.Ke2 Bc4+
44.Ke3 h4 45.f3+ Kg3 46.Bf6 h3 47.Bc3 h2 48.Be1+ Kg2 49.Kd4  0-1

[Event "1st ACP Women World Rapid Cup"]
[Site "Konya TUR"]
[Date "2009.12.02"]
[Round "7"]
[White "Yildiz,B"]
[Black "Cmilyte,V"]
[Result "1/2-1/2"]
[WhiteElo "2213"]
[BlackElo "2480"]

1.e4 c5 2.Nf3 Nc6 3.Bb5 Nf6 4.Nc3 g6 5.e5 Ng4 6.Bxc6 dxc6 7.h3 Nh6 8.d3 Bg7
9.Be3 b6 10.g4 f5 11.exf6 exf6 12.Qd2 Nf7 13.O-O-O O-O 14.Rdg1 Be6 15.h4 Bd5
16.Rh3 c4 17.d4 b5 18.g5 Bxf3 19.Rxf3 f5 20.h5 b4 21.hxg6 hxg6 22.Ne2 Qd5
23.Rh3 c3 24.bxc3 Qxa2 25.Qd3 Nd6 26.cxb4 Nc4 27.Qc3 a5 28.bxa5 Rxa5 29.Kd1 Ra3
30.Qb4 Nb2+ 31.Ke1 f4 32.Rgh1 fxe3 33.Rh8+ Bxh8 34.Rxh8+ Kxh8 35.Qxf8+ Kh7
36.Qe7+ Kg8 37.Qd8+ Kf7 38.Qd7+ Kf8 39.Qd8+ Kg7 40.Qf6+ Kg8 41.Qd8+ Kh7 42.Qe7+ Kh8
43.Qf8+ Kh7 44.Qe7+ Kh8 45.Qf8+ Kh7 46.Qe7+ Kg8 47.Qd8+ Kf7 48.Qd7+ Kf8 49.Qd8+ Kg7
50.Qf6+ Kh7 51.Qe7+ Kh8 52.Qf8+ Kh7  1/2-1/2

[Event "1st ACP Women World Rapid Cup"]
[Site "Konya TUR"]
[Date "2009.12.02"]
[Round "7"]
[White "Kosintseva,N"]
[Black "Socko,M"]
[Result "1-0"]
[WhiteElo "2518"]
[BlackElo "2457"]

1.e4 c5 2.Nf3 Nc6 3.Bb5 e6 4.O-O Nge7 5.c3 a6 6.Ba4 b5 7.Bc2 Bb7 8.Qe2 d5
9.e5 d4 10.Be4 Ng6 11.cxd4 cxd4 12.d3 Be7 13.Nbd2 Qb6 14.Nb3 Rd8 15.Bd2 O-O
16.h4 f5 17.exf6 Rxf6 18.Bg5 Rf7 19.Bxg6 hxg6 20.Qxe6 Bc8 21.Qe1 Bg4 22.Ne5 Nxe5
23.Qxe5 Rd7 24.Qg3 Bf5 25.Bxe7 Rfxe7 26.Rfe1 a5 27.Nd2 Qc5 28.Nf3 Qb4 29.Qb8+  1-0

[Event "1st ACP Women World Rapid Cup"]
[Site "Konya TUR"]
[Date "2009.12.02"]
[Round "8"]
[White "Menzi,N"]
[Black "Cramling,P"]
[Result "0-1"]
[WhiteElo "1847"]
[BlackElo "2525"]

1.e4 c5 2.Nf3 Nc6 3.Bb5 e6 4.O-O Nge7 5.c3 Qb6 6.Na3 Ng6 7.Be2 d5 8.exd5 exd5
9.d4 c4 10.b3 Qa5 11.b4 Qd8 12.Re1 Be7 13.Be3 a5 14.b5 Na7 15.Bc1 O-O 16.Rb1 Bd7
17.Ne5 Bf5 18.Nc2 Nc8 19.Nxg6 Bxg6 20.Bf4 Nb6 21.Bh5 Bd3 22.Be2 Bg6 23.Bh5 Na4
24.Bxg6 fxg6 25.Bd2 Bd6 26.Qg4 Kh8 27.Ne3 Qf6 28.Re2 Nb6 29.Rbe1 Qf7 30.Nf1 Rae8
31.Ng3 Kg8 32.Rxe8 Rxe8 33.Rxe8+ Qxe8 34.Qe2 Qd7 35.Bg5 h6 36.Bd2 Kh7 37.h4 Bxg3
38.fxg3 Qxb5 39.Bf4 Qb1+ 40.Kf2 Na4 41.Qd2 Qb2 42.Qxb2 Nxb2 43.Bc7 Nd1+ 44.Ke1 Nxc3
45.Bxa5 Ne4 46.a4 Nxg3 47.Bc7 Ne4 48.a5 Kg8 49.Ke2 Kf7 50.g4 h5 51.gxh5 gxh5
52.Bf4 Ke6 53.Be5 g6 54.Ke3 Kf5 55.Bf4 Kg4  0-1

[Event "ch-IND National A"]
[Site "Mumbai IND"]
[Date "2009.12.02"]
[Round "2"]
[White "Shyam,SM"]
[Black "Abhay,T"]
[Result "1-0"]
[WhiteElo "2401"]
[BlackElo "2343"]

1.e4 c5 2.Nf3 Nc6 3.Bb5 e6 4.O-O Nge7 5.c3 a6 6.Ba4 d5 7.exd5 exd5 8.d4 c4
9.Re1 Bg4 10.h3 Bh5 11.g4 Bg6 12.Ne5 Rc8 13.Qf3 b5 14.Nxg6 hxg6 15.Bc2 Qd7
16.Kg2 Nd8 17.Nd2 Ne6 18.Nf1 f6 19.Bd2 Kf7 20.Ng3 Nc6 21.Ne2 Be7 22.Nf4 Nxf4+
23.Bxf4 Rce8 24.b3 Nd8 25.a4 Ne6 26.Bd2 Nc7 27.axb5 axb5 28.Ra7 Rd8 29.bxc4 dxc4
30.Qe4 Bd6 31.Qxg6+ Kf8 32.Bf5 Qc6+ 33.Be4 Qe8 34.Qxe8+ Rxe8 35.Bc6 Rb8 36.Rb1 Rb6
37.d5 Kf7 38.Rxb5 Rhb8 39.Rxb6 Rxb6 40.Ra4  1-0

[Event "1st ACP Women World Rapid Cup"]
[Site "Konya TUR"]
[Date "2009.12.03"]
[Round "9"]
[White "Kosintseva,T"]
[Black "Socko,M"]
[Result "0-1"]
[WhiteElo "2522"]
[BlackElo "2457"]

1.e4 c5 2.Nf3 Nc6 3.Bb5 e6 4.O-O Nge7 5.c3 a6 6.Ba4 b5 7.Bc2 Bb7 8.Re1 Rc8
9.a4 Ng6 10.Na3 b4 11.Nc4 Be7 12.d4 cxd4 13.cxd4 Na5 14.Ne3 b3 15.Bb1 O-O
16.Bd2 Qb6 17.Bxa5 Qxa5 18.Nd2 Bb4 19.Nxb3 Qg5 20.Rf1 f5 21.Nd2 Bxd2 22.Qxd2 fxe4
23.Qb4 Bc6 24.Qd6 Nf4 25.Kh1 Nxg2 26.Nxg2 e3 27.Qg3 Qxg3 28.hxg3 e2 29.Rg1 Rxf2
30.Bd3 Rcf8 31.Kh2 R8f6 32.Kh3 Bxg2+ 33.Kg4 Bf3+  0-1

[Event "ch-RSA"]
[Site "Cape Town RSA"]
[Date "2009.12.04"]
[Round "9"]
[White "Mabusela,J"]
[Black "Van Rensburg,R"]
[Result "1/2-1/2"]
[WhiteElo "2270"]
[BlackElo "2057"]

1.e4 c5 2.Nf3 Nc6 3.Bb5 Na5 4.d4 a6 5.Be2 cxd4 6.Nxd4 g6 7.c4 Bg7 8.Nc3 d6
9.Be3 Bd7 10.b4 Nc6 11.Nd5 Rb8 12.b5 axb5 13.cxb5 Qa5+ 14.Bd2 Qa7 15.b6 Qa3
16.Nb5 Qb2 17.Ndc3 Nd4 18.Nxd4 Bxd4 19.Rb1 Qa3 20.Nb5 Bxb5 21.Bxb5+ Kf8 22.O-O Qxa2
23.Bh6+ Bg7 24.Bxg7+ Kxg7 25.Qd4+ f6 26.f4 Nh6 27.Rbc1 Rbc8 28.Ra1  1/2-1/2